|
|
|
|
| LEADER |
00000nam a2200000 a 4500 |
| 001 |
vtls009311002 |
| 003 |
SK-MaSNL |
| 005 |
20260301081720.0 |
| 008 |
160114s2006 xo dbl f 100 0 slo |
| 015 |
|
|
|a SNBA2008/09-04215
|
| 020 |
|
|
|a 9788088704652 (brož.)
|
| 035 |
|
|
|a 67AE8305-D792-471E-BFFD-7338D94DFE3A
|
| 035 |
|
|
|a urn:nbn:sk:snk-amk461
|
| 035 |
|
|
|a urn:nbn:sk:snk-am0056hv
|
| 040 |
|
|
|a SNK
|b slo
|c SNK
|e AACR2
|
| 041 |
0 |
|
|a slo
|
| 044 |
|
|
|a xo
|c SK
|
| 072 |
|
7 |
|a 376
|x Výchova a vzdelávanie zvláštnych skupín osôb
|2 konspekt
|
| 080 |
|
|
|a 376
|2 2001
|
| 080 |
|
|
|a 316.344.6-056.262-053.2
|2 2001
|
| 080 |
|
|
|a (062.534)
|2 2001
|
| 245 |
0 |
0 |
|a Rovnaké príležitosti pre vzdelávanie detí so zrakovým postihnutím
|b (model podpory integrovaného vzdelávania v základných školách) : zborník z medzinárodnej konferencie organizovanej v rámci projektu Matra "Skvalitňovanie podporovaného integrovaného vzdelávania detí so zrakovým postihnutím v základných školách v SR"
|c [zostavovateľ: Otília Čechová]
|
| 250 |
|
|
|a [1. vyd.]
|
| 260 |
|
|
|a Levoča
|b Tlačiareň Polypress
|c 2006
|
| 300 |
|
|
|a 104 s.
|b grafy, mp., sch.
|c 21 cm
|
| 366 |
|
|
|e 300 výt.
|
| 504 |
|
|
|a Bibliogr. odkazy
|
| 630 |
0 |
7 |
|a Matra (vzdelávací program)
|2 SNKPH
|9 405456
|
| 650 |
0 |
7 |
|a špeciálna pedagogika
|2 SNKPH
|9 958
|
| 650 |
0 |
7 |
|a zrakovo postihnuté deti
|2 SNKPH
|9 1078
|
| 655 |
|
7 |
|a zborníky konferencií
|2 SNKPH
|9 70153
|
| 700 |
1 |
|
|a Čechová, Otília
|4 com
|9 405457
|
| 919 |
|
|
|a 978-80-88704-65-2
|
| 958 |
|
|
|a NB
|
| 958 |
|
|
|a OND
|
| 968 |
|
|
|d 37
|
| 999 |
|
|
|c 656608
|d 658538
|
| 952 |
|
|
|a SNK
|b SNK
|y PREZ
|7 0
|p 17A0593937
|o snkSC 132512
|i snk2008/14063
|8 0
|0 0
|1 0
|4 0
|d 2008-07-10
|f 1
|l 0
|r 2025-06-23 00:00:00
|w 2026-02-23
|
| 952 |
|
|
|a SNK
|b SNK
|y VYP
|7 0
|p 17A0593938
|o snkSC 132512 D1
|i snk2008/14064
|8 0
|0 0
|1 0
|4 0
|d 2008-07-10
|l 0
|r 2026-02-23 18:40:32
|w 2026-02-23
|